| 000 | 00366nam a2200109Ia 4500 | ||
|---|---|---|---|
| 008 | 200302s9999 xx 000 0 und d | ||
| 100 | _aRoberto Gargiani & Other | ||
| 245 | _aLe Corbusier Beton Brut and Ineffable Space, 1940-1965 Surface Materials and Psychophysiology of Vision | ||
| 260 | _bEpfl Press A Seiss Acacemic Publisher | ||
| 260 | _c2011 | ||
| 300 | _a590 P., | ||
| 999 |
_c3255 _d3255 |
||